| 000 | 00418nam a2200169Ia 4500 | ||
|---|---|---|---|
| 005 | 20240723071202.0 | ||
| 008 | 240331s9999 xx 000 0 und d | ||
| 082 |
_a210 _bMUL |
||
| 100 | _aMuller, F.M | ||
| 245 | 0 | _aAnthropological religion | |
| 260 |
_aNew Delhi _bAsian Educational Services _c1986 |
||
| 300 | _axxvii, 464 p ., | ||
| 650 | _aReligion | ||
| 650 | _aAnthropological | ||
| 650 | _aHistory | ||
| 942 | _cL | ||
| 999 |
_c817 _d817 |
||